000
00323nam a2200133Ia 4500
008
240624s9999 xx 000 0 und d
041
_a
eng
082
_a
658.4092 PIR
100
_a
PIRAMAL GITA
245
_a
BUSINESS MAHARAJAS
260
_c
1997
_a
New Delhi
_b
Penguin
300
_a
xxii, : 474 : p. : cm. ; 20
365
_c
RS
999
_c
4122
_d
4122